000
00275nam a2200109Ia 4500
008
220217s9999||||xx |||||||||||||| ||und||
100
_a
D.S.C
245
0
_a
Graph theory & Combinetrics
260
_a
Prisam books
_b
New Delhi
_c
2007
300
_b
285
650
_a
MATHEMATICS
999
_c
174657
_d
174657